[Event "Sachsen-Anhalt Verbandsliga 2017/18"]
[Site "Sachsen Anhalt"]
[Date "2018.02.04"]
[Round "5.8"]
[White "Heyne, Jan Hendrik"]
[Black "Schnoor, Friedrich"]
[Result "1/2-1/2"]
[WhiteElo "1852"]
[BlackElo "1999"]
[PlyCount "118"]
[EventDate "2017.12.22"]
[EventType "team-tourn"]
[EventRounds "9"]
[EventCountry "GER"]
[SourceTitle "EXT 2020"]
[Source "ChessBase"]
[SourceDate "2019.10.17"]
[SourceVersion "1"]
[SourceVersionDate "2019.10.17"]
[SourceQuality "1"]
[WhiteTeam "Magdeburg Aufbau Elbe II"]
[BlackTeam "Reideburg 90 Halle"]
[WhiteTeamCountry "GER"]
[BlackTeamCountry "GER"]

1. d4 d5 2. c4 Nc6 3. Nf3 Bg4 4. e3 e5 5. dxe5 dxc4 6. Nbd2 c3 7. bxc3 Nxe5 8. Qa4+ Qd7 9. Bb5 Nd3+ 10. Kf1 c6 11. Qe4+ Ne7 12. Bxd3 Bf5 13. Qd4 Qxd4 14. cxd4 Bxd3+ 15. Ke1 Ng6 16. h4 Bb4 17. a4 0-0 18. h5 Ne7 19. Ne5 Ba6 20. Rb1 Bxd2+ 21. Kxd2 Rad8 22. Ba3 Rfe8 23. h6 Nf5 24. Kc3 Nxh6 25. Rhc1 f6 26. Nc4 b6 27. a5 b5 28. Nb2 Ng4 29. Nd3 Bc8 30. Rb2 Bf5 31. Bc5 Bxd3 32. Kxd3 Ne5+ 33. Ke2 Nc4 34. Rbc2 a6 35. Bb4 Rxd4 36. Bc5 Rd5 37. Bb6 f5 38. g3 Re6 39. Kf3 g6 40. Kg2 Nxb6 41. axb6 c5 42. b7 Rb6 43. Ra2 c4 44. Rxa6 Rxb7 45. Rc6 Kf7 46. Rb1 Ke7 47. Rxc4 bxc4 48. Rxb7+ Rd7 49. Rb1 Rc7 50. Kf3 Kd6 51. e4 c3 52. exf5 c2 53. Rc1 gxf5 54. Ke3 Kd5 55. Kd3 Rc5 56. Rxc2 Rxc2 57. Kxc2 Ke4 58. Kd2 Kf3 59. Ke1 h5 1/2-1/2

[Event "Dresden ZMD op-B 23rd"]
[Site "Dresden"]
[Date "2014.08.23"]
[Round "9"]
[White "Schnoor, Friedrich"]
[Black "Breitfeld, Joachim"]
[Result "1-0"]
[WhiteElo "1942"]
[BlackElo "2007"]
[PlyCount "91"]
[EventDate "2014.08.15"]
[EventType "swiss"]
[EventRounds "9"]
[EventCountry "GER"]
[SourceTitle "EXT 2024"]
[Source "ChessBase"]
[SourceDate "2023.10.10"]
[SourceVersion "1"]
[SourceVersionDate "2023.10.10"]
[SourceQuality "1"]

1. e4 d5 2. exd5 Qxd5 3. Nc3 Qd6 4. d4 Nf6 5. Nf3 c6 6. Ne5 Nbd7 7. Bf4 Nb6 8. Qd2 Nbd5 9. Nxd5 Qxd5 10. f3 Qd8 11. 0-0-0 e6 12. g4 Nd5 13. Bg3 f6 14. Nd3 Qb6 15. Nc5 a5 16. g5 Kf7 17. Ne4 Qb4 18. c3 Qa4 19. Kb1 b5 20. h4 f5 21. Nd6+ Bxd6 22. Bxd6 b4 23. c4 b3 24. axb3 Qxb3 25. cxd5 Qxd5 26. Qf4 Rd8 27. Ba3 e5 28. Qc1 Be6 29. Qc5 Qa2+ 30. Kc1 Bb3 31. Bd3 Bxd1 32. Rxd1 Rxd4 33. Qxe5 Qd5 34. Qxf5+ Qxf5 35. Bxf5 Rxh4 36. Rd7+ Kg8 37. Be6+ Kh8 38. Rc7 h5 39. Bd6 Re8 40. g6 Rh1+ 41. Kc2 Re1 42. Bc4 h4 43. f4 h3 44. f5 Rg1 45. Be5 Rg8 46. Bxg7+ 1-0

[Event "Dresden ZMD op-C 21th"]
[Site "Dresden"]
[Date "2012.08.24"]
[Round "7"]
[White "Nobis, Philipp"]
[Black "Schnoor, Friedrich"]
[Result "1/2-1/2"]
[WhiteElo "1667"]
[BlackElo "1725"]
[PlyCount "56"]
[EventDate "2012.08.18"]
[EventType "swiss"]
[EventRounds "9"]
[EventCountry "GER"]
[SourceTitle "CBM 150 Extra"]
[Source "ChessBase"]
[SourceDate "2012.10.19"]
[SourceVersion "1"]
[SourceVersionDate "2012.10.19"]
[SourceQuality "1"]

1. c4 b6 2. g3 Bb7 3. Nf3 c5 4. Bg2 Nf6 5. 0-0 d6 6. d3 e6 7. b3 Be7 8. Bb2 0-0 9. Qc2 Nc6 10. a3 d5 11. e3 a6 12. Nc3 Rb8 13. Rfd1 b5 14. cxb5 axb5 15. Nxb5 Ba6 16. Nc3 Qb6 17. Nd2 Rfc8 18. Rab1 Nd7 19. Rdc1 Nb4 20. axb4 cxb4 21. Nxd5 exd5 22. Qd1 Bxd3 23. Rxc8+ Rxc8 24. Rc1 Rxc1 25. Qxc1 Qb7 26. Nf3 Be4 27. Nd4 Nc5 28. Qd2 h6 1/2-1/2

[Event "GER-chT U14"]
[Site "Arendsee"]
[Date "2009.12.29"]
[Round "5.1"]
[White "Adiyaman, Rene"]
[Black "Schnoor, Friedrich"]
[Result "0-1"]
[WhiteElo "1636"]
[BlackElo "1598"]
[PlyCount "76"]
[EventDate "2009.12.27"]
[EventType "team-swiss"]
[EventRounds "7"]
[EventCountry "GER"]
[SourceTitle "EXT 2022"]
[Source "ChessBase"]
[SourceDate "2021.10.06"]
[SourceVersion "1"]
[SourceVersionDate "2021.10.06"]
[SourceQuality "1"]
[WhiteTeam "Welper SV U14"]
[BlackTeam "Dresden Gruen Weiss U14"]
[WhiteTeamCountry "GER"]
[BlackTeamCountry "GER"]

1. e4 c5 2. Nf3 d6 3. d4 cxd4 4. Nxd4 Nf6 5. Nc3 a6 6. Bg5 e6 7. Be2 Be7 8. Qd2 0-0 9. Nb3 b5 10. Bf3 Bb7 11. Qe3 Nc6 12. h4 Ne5 13. Be2 b4 14. Na4 Nxe4 15. f4 Nd7 16. 0-0-0 Nef6 17. Bf3 Qc7 18. Nd4 Nc5 19. Bxb7 Qxb7 20. Nxc5 dxc5 21. Nf3 Rac8 22. Ne5 Rc7 23. Qd3 Qb5 24. Qg3 Kh8 25. f5 Qa5 26. Nc4 Qxa2 27. Bxf6 Bxf6 28. Qxc7 Qxc4 29. fxe6 Qa2 30. Qxc5 Bxb2+ 31. Kd2 Bc3+ 32. Ke2 Qxe6+ 33. Kf1 Re8 34. Qf2 Qc4+ 35. Kg1 h6 36. Rd3 Re1+ 37. Kh2 Be5+ 38. g3 Qxh4+ 0-1

[Event "Sachsen-ch U14"]
[Site "Sebnitz"]
[Date "2009.04.17"]
[Round "6"]
[White "Matschewsky, Justus"]
[Black "Schnoor, Friedrich"]
[Result "1/2-1/2"]
[WhiteElo "1687"]
[BlackElo "1629"]
[PlyCount "48"]
[EventDate "2009.04.14"]
[EventType "swiss"]
[EventRounds "7"]
[EventCountry "GER"]
[SourceTitle "EXT 2010"]
[Source "ChessBase"]
[SourceDate "2010.11.25"]
[SourceVersion "1"]
[SourceVersionDate "2010.11.25"]
[SourceQuality "1"]

1. e4 c5 2. Nf3 d6 3. d4 cxd4 4. Nxd4 Nf6 5. Nc3 a6 6. Be2 e5 7. Nb3 Be7 8. 0-0 0-0 9. Kh1 b5 10. a3 Bb7 11. f3 Nbd7 12. Be3 Qc7 13. Qe1 Rfd8 14. Qg3 Kh8 15. Rfd1 Nb6 16. Na5 Rac8 17. Nxb7 Qxb7 18. Bxb6 Qxb6 19. Qe1 Qc6 20. Rac1 d5 21. exd5 Nxd5 22. Nxd5 Rxd5 23. Rxd5 Qxd5 24. Bd3 Qd4 1/2-1/2